000
00335nam a2200145Ia 4500
100
_a
Das /J/ Mullick/ S.K.
942
_c
BK
654
_a
Communication
245
_a
Principles of digital communication
260
_b
New Age Int (P) Ltd
_c
1986
082
_a
621.382
_b
dms/mur
300
_a
645
546
_a
ENGLISH
999
_c
24296
_d
24296